| 000 | 01439nam a22003614a 4500 | ||
|---|---|---|---|
| 001 | ebr10096081 | ||
| 003 | CaPaEBR | ||
| 006 | m u | ||
| 007 | cr cn||||||||| | ||
| 008 | 040601s2004 ilu s 001 0 eng | ||
| 010 | _z 2004012748 | ||
| 020 | _z1572483768 (pbk. : alk. paper) | ||
| 040 |
_aCaPaEBR _cCaPaEBR |
||
| 035 | _a(OCoLC)647414363 | ||
| 050 | 1 | 4 |
_aRA997 _b.C6386 2004eb |
| 082 | 0 | 4 |
_a362.61 _222 |
| 100 | 1 | _aConnell, Linda H. | |
| 245 | 1 | 0 |
_aNursing homes & assisted living facilities _h[electronic resource] : _byour practical guide for making the right decision / _cLinda H. Connell. |
| 246 | 3 | _aNursing homes and assisted living facilities | |
| 250 | _a1st ed. | ||
| 260 |
_aNaperville, Ill. : _bSphinx Pub., _c2004. |
||
| 300 | _axiii, 250 p. | ||
| 500 | _aIncludes index. | ||
| 533 |
_aElectronic reproduction. _bPalo Alto, Calif. : _cebrary, _d2013. _nAvailable via World Wide Web. _nAccess may be limited to ebrary affiliated libraries. |
||
| 650 | 0 |
_aOlder people _xInstitutional care _xDecision making. |
|
| 650 | 0 |
_aOlder people _xCare _xDecision making. |
|
| 650 | 0 |
_aNursing home care _xDecision making. |
|
| 650 | 0 |
_aNursing homes _xEvaluation. |
|
| 650 | 0 |
_aOld age homes _xEvaluation. |
|
| 655 | 7 |
_aElectronic books. _2local |
|
| 710 | 2 | _aebrary, Inc. | |
| 856 | 4 | 0 |
_uhttp://site.ebrary.com/lib/rucke/Doc?id=10096081 _zAn electronic book accessible through the World Wide Web; click to view |
| 999 |
_c98057 _d98057 |
||